Warsaw Pact Members Quiz Stats

 Plays Quiz Updated Dec 18, 2018

Support Sporcle.
Go Orange.
Score 0/8 Timer 03:00
1 Play Today
% Correct
Poland
95.2%
USSR
95.1%
Hungary
75.1%
Romania
73%
Bulgaria
66.6%
Czechoslovakia
66.4%
German Democratic Republic (from 1956)
63.7%
Albania (until 1968)
51.1%

You're not logged in!

Compare scores with friends on all Sporcle quizzes.
OR
Log In
Forgot?

From the Vault

Literary Cities

by david6k

Super bonus traveller challenge: Read each of these books in the city in which they are set.
Remove Ads.
Support Sporcle.
Get the best of Sporcle when you Go Orange. This ad-free experience offers more features, more stats, and more fun while also helping to support Sporcle. Thank you for becoming a member.

Show Comments

Extras

Top Quizzes Today


Score Distribution

Your Account Isn't Verified!

In order to create a playlist on Sporcle, you need to verify the email address you used during registration. Go to your Sporcle Settings to finish the process.

Report this User

Report this user for behavior that violates our Community Guidelines.

Details: